[Event "AUTO-MASTER-3162"]
[Site "http://www.queenalice.com/game.php?id=1810569"]
[Date "2023.4.23"]
[Round "1"]
[White "Mistakesrme"]
[Black "rmvwoods"]
[Result "1-0"]
[WhiteElo "2232"]
[BlackElo "2066"]

1. c4 Nf6 2. g3 c6 3. Bg2 d5 4. Nf3 Bf5 5. cxd5 cxd5 6. Qb3 Qc7 7. Nc3 e6 8. d3
Be7 9. Bf4 Qb6 10. O-O Nbd7 11. Qa4 O-O 12. Rab1 Nc5 13. Qc2 Rac8 14. Rfc1 Ncd7
15. Qd2 Ng4 16. e4 Bg6 17. h3 Ngf6 18. Be3 Qa6 19. Nh4 dxe4 20. Nxg6 fxg6 21.
dxe4 e5 22. Bf1 Qe6 23. Nb5 Bc5 24. Bc4 1-0

[Event "AUTO-MASTER-3162"]
[Site "http://www.queenalice.com/game.php?id=1810576"]
[Date "2023.4.23"]
[Round "1"]
[White "cerenzo72"]
[Black "Mistakesrme"]
[Result "1-0"]
[WhiteElo "2187"]
[BlackElo "2259"]

1. c4 e6 2. Nf3 f5 3. g3 Nf6 4. Bg2 Be7 5. O-O O-O 6. d4 d6 7. Nc3 Ne4 8. Qc2
Nxc3 9. bxc3 Nc6 10. e4 e5 11. d5 Na5 12. Nd2 f4 13. Qd3 b6 14. Nf3 g5 15. h3 g4
16. hxg4 Bxg4 17. Nh2 Bd7 18. gxf4 exf4 19. Bxf4 Kh8 20. Bg3 1-0

[Event "AUTO-MASTER-3162"]
[Site "http://www.queenalice.com/game.php?id=1810577"]
[Date "2023.4.23"]
[Round "1"]
[White "Mistakesrme"]
[Black "cerenzo72"]
[Result "0-1"]
[WhiteElo "2245"]
[BlackElo "2198"]

1. c4 e6 2. g3 d5 3. Bg2 c6 4. Nf3 d4 5. d3 c5 6. O-O Nf6 7. Ne5 Bd6 8. Nf3 Nc6
9. e4 h6 10. Re1 e5 11. Na3 a6 12. Nc2 b5 13. b3 b4 14. Nh4 O-O 15. Rf1 a5 16.
Qe1 a4 17. f4 axb3 18. axb3 Rxa1 19. Nxa1 exf4 20. gxf4 Ng4 21. e5 Be7 22. Bxc6
Bxh4 23. Qe2 h5 24. Bf3 g6 25. Nc2 Bf5 26. Ne1 Bxe1 27. Rxe1 Qh4 28. Rf1 Bxd3
29. Qg2 Bxf1 0-1

[Event "AUTO-MASTER-3173"]
[Site "http://www.queenalice.com/game.php?id=1815305"]
[Date "2023.6.30"]
[Round "1"]
[White "patkar"]
[Black "Mistakesrme"]
[Result "1-0"]
[WhiteElo "2160"]
[BlackElo "2242"]

1. Nc3 e6 2. e4 d5 3. d4 Bb4 4. e5 c5 5. a3 Bxc3+ 6. bxc3 Ne7 7. Qg4 cxd4 8.
Qxg7 Rg8 9. Qxh7 Qc7 10. Ne2 Nbc6 11. f4 dxc3 12. Nxc3 Nxe5 13. Nb5 Qb8 14. Be2
a6 15. O-O Nd7 16. Bh5 Rf8 17. Bb2 axb5 18. Bg7 1-0

[Event "AUTO-MASTER-3173"]
[Site "http://www.queenalice.com/game.php?id=1815306"]
[Date "2023.6.30"]
[Round "1"]
[White "Mistakesrme"]
[Black "patkar"]
[Result "0-1"]
[WhiteElo "2222"]
[BlackElo "2172"]

1. c4 e5 2. g3 Nc6 3. Bg2 g6 4. Nc3 Bg7 5. Nf3 d6 6. O-O Be6 7. b3 Nge7 8. Bb2
O-O 9. e3 h6 10. d3 Qd7 11. d4 exd4 12. exd4 Bg4 13. Na4 Nf5 14. d5 Ncd4 15. h3
Nxf3+ 16. Bxf3 Bxh3 17. Re1 Bxb2 18. Nxb2 h5 19. Kh2 Rae8 20. Qd2 Bg4 21. Bxg4
hxg4 22. Kg2 Rxe1 23. Rxe1 Re8 24. Rh1 Qe7 25. Nd1 Qe4+ 26. Kg1 Qf3 0-1

[Event "AUTO-MASTER-3173"]
[Site "http://www.queenalice.com/game.php?id=1815319"]
[Date "2023.6.30"]
[Round "1"]
[White "The_knight"]
[Black "Mistakesrme"]
[Result "0-1"]
[WhiteElo "2203"]
[BlackElo "2255"]

1. d4 e6 2. e4 d5 3. Nc3 Bb4 4. e5 c5 5. a3 Bxc3+ 6. bxc3 Ne7 7. Qg4 cxd4 8.
Qxg7 Rg8 9. Qxh7 Qc7 10. Ne2 Nbc6 11. f4 dxc3 12. Qd3 d4 0-1

[Event "AUTO-MASTER-3173"]
[Site "http://www.queenalice.com/game.php?id=1815329"]
[Date "2023.6.30"]
[Round "1"]
[White "Mistakesrme"]
[Black "mennecy91"]
[Result "1/2-1/2"]
[WhiteElo "2247"]
[BlackElo "2087"]

1. c4 f5 2. g3 Nf6 3. d4 g6 4. Nc3 Bg7 5. Bg2 d6 6. Nf3 O-O 7. O-O Qe8 8. d5 Na6
9. Be3 c6 10. Rc1 Bd7 11. h3 Nc5 12. b4 Nce4 13. Nxe4 Nxe4 14. Bd4 Nf6 15. Qb3
e5 16. dxe6 Bxe6 17. Ng5 a6 18. Nxe6 Qxe6 19. Qb2 Rae8 20. e3 Qd7 21. Rfd1 Qc7
22. c5 d5 1/2-1/2

[Event "AUTO-MASTER-3173"]
[Site "http://www.queenalice.com/game.php?id=1815330"]
[Date "2023.6.30"]
[Round "1"]
[White "mennecy91"]
[Black "Mistakesrme"]
[Result "1/2-1/2"]
[WhiteElo "2103"]
[BlackElo "2265"]

1. c4 e6 2. Nc3 f5 3. g3 Nf6 4. Bg2 Be7 5. d3 O-O 6. Nf3 d6 7. O-O e5 8. e4 Nc6
9. Be3 Ng4 10. Nd5 Nxe3 11. Nxe3 f4 12. Nd5 Be6 13. a3 a5 14. Qd2 Bxd5 15. exd5
Nb8 16. Rae1 Nd7 17. b4 axb4 18. axb4 1/2-1/2

[Event "AUTO-MASTER-3175"]
[Site "http://www.queenalice.com/game.php?id=1816212"]
[Date "2023.7.13"]
[Round "1"]
[White "diedoofen"]
[Black "Mistakesrme"]
[Result "1-0"]
[WhiteElo "2408"]
[BlackElo "2262"]

1. e4 e6 2. d4 d5 3. Nd2 Nf6 4. e5 Nfd7 5. f4 c5 6. c3 Nc6 7. Ndf3 Qb6 8. h4 Be7
9. Nh3 cxd4 10. cxd4 f6 11. Bd3 f5 12. Be2 O-O 13. O-O Ndb8 14. Rb1 Bd7 15. Be3
a5 16. Kh1 h6 17. Rg1 Bd8 18. g4 fxg4 19. Rxg4 1-0

[Event "AUTO-MASTER-3175"]
[Site "http://www.queenalice.com/game.php?id=1816213"]
[Date "2023.7.13"]
[Round "1"]
[White "Mistakesrme"]
[Black "diedoofen"]
[Result "0-1"]
[WhiteElo "2254"]
[BlackElo "2413"]

1. c4 c5 2. g3 g6 3. Bg2 Bg7 4. Nf3 Nc6 5. Nc3 e6 6. d3 Nge7 7. Bg5 h6 8. Bd2
O-O 9. Qc1 Kh7 10. e3 b6 11. a3 d5 12. O-O Na5 13. Qc2 dxc4 14. dxc4 Nxc4 15.
Bc1 Nd6 16. Rd1 Nd5 17. Nxd5 exd5 18. Rxd5 Bb7 19. Rd1 Qf6 20. Qe2 Rad8 21. Ne1
Ne4 22. Bxe4 Bxe4 0-1

[Event "AUTO-MASTER-3175"]
[Site "http://www.queenalice.com/game.php?id=1816232"]
[Date "2023.7.13"]
[Round "1"]
[White "Mistakesrme"]
[Black "drup"]
[Result "0-1"]
[WhiteElo "2204"]
[BlackElo "2139"]

1. c4 c5 2. g3 Nc6 3. Bg2 e6 4. Nf3 d5 5. cxd5 exd5 6. d4 c4 7. Nc3 Nf6 8. O-O
Be7 9. Bf4 O-O 10. b3 Bb4 11. Rc1 Ba3 12. Rc2 cxb3 13. axb3 Bf5 14. Ra2 Bb4 15.
Qc1 Re8 16. e3 Bxc3 17. Qxc3 Ne4 18. Qb2 g5 19. Be5 f6 20. g4 Bxg4 21. Bg3 Nxg3
22. hxg3 Nb4 23. Raa1 Qd7 24. Qd2 a5 25. Ne1 Bf5 0-1

[Event "AUTO-MASTER-3175"]
[Site "http://www.queenalice.com/game.php?id=1816233"]
[Date "2023.7.13"]
[Round "1"]
[White "drup"]
[Black "Mistakesrme"]
[Result "1-0"]
[WhiteElo "2124"]
[BlackElo "2219"]

1. e4 e6 2. d4 d5 3. Nc3 Bb4 4. Bd3 dxe4 5. Bxe4 Nf6 6. Bg5 Be7 7. Bf3 h6 8. Bf4
Nc6 9. Nge2 O-O 10. Qd3 Nb4 11. Qd2 Nbd5 12. Nxd5 exd5 13. O-O Bd6 14. Rfe1 Bxf4
15. Nxf4 c6 16. Re5 Ng4 17. Bxg4 Bxg4 18. h3 f6 19. Re3 Bf5 20. Rae1 Qd7 21. Re7
Qd6 22. Rxb7 Rfe8 23. Nh5 Rxe1+ 24. Qxe1 Bd7 25. Qe3 Re8 26. Qg3 1-0

[Event "AUTO-MASTER-3152"]
[Site "http://www.queenalice.com/game.php?id=1816921"]
[Date "2023.7.22"]
[Round "2"]
[White "Mistakesrme"]
[Black "cerenzo72"]
[Result "1-0"]
[WhiteElo "2208"]
[BlackElo "2001"]

1. c4 b6 2. d4 Bb7 3. Nc3 e6 4. e4 Bb4 5. Bd3 Nc6 6. Nf3 Nge7 7. O-O Ng6 8. a3
Be7 9. h3 O-O 10. Be3 d6 11. Bc2 a6 12. Qd2 Bf6 13. Rad1 Qe7 14. b4 b5 15. cxb5
axb5 16. Ra1 h6 17. Rfc1 Na7 18. Bd3 Rad8 19. Nxb5 1-0

[Event "AUTO-MASTER-3152"]
[Site "http://www.queenalice.com/game.php?id=1816922"]
[Date "2023.7.22"]
[Round "2"]
[White "cerenzo72"]
[Black "Mistakesrme"]
[Result "0-1"]
[WhiteElo "1993"]
[BlackElo "2214"]

1. c4 e6 2. Nf3 f5 3. g3 Nf6 4. Bg2 d6 5. O-O Be7 6. b3 e5 7. e3 O-O 8. Bb2 Qe8
9. d3 h6 10. Nbd2 g5 11. Rc1 Nc6 12. a3 Qg6 13. Qc2 h5 14. Kh1 Bd7 15. b4 Kg7
16. c5 Rh8 17. cxd6 cxd6 18. Nc4 h4 0-1

[Event "AUTO-MASTER-3152"]
[Site "http://www.queenalice.com/game.php?id=1816923"]
[Date "2023.7.22"]
[Round "2"]
[White "Mistakesrme"]
[Black "suenteus_po_147"]
[Result "1/2-1/2"]
[WhiteElo "2228"]
[BlackElo "2130"]

1. c4 Nf6 2. g3 g6 3. Bg2 Bg7 4. Nf3 O-O 5. Nc3 c6 6. e4 d6 7. d4 Nbd7 8. O-O e5
9. h3 Qa5 10. Be3 exd4 11. Bxd4 Re8 12. Qc2 Ne5 13. Nxe5 dxe5 14. Be3 Nd7 15. a3
Nf8 16. Rfd1 Ne6 17. b4 Qc7 18. Rac1 b6 19. b5 Nd4 20. Qb2 c5 21. Nd5 Qd8 22. a4
1/2-1/2

[Event "AUTO-MASTER-3152"]
[Site "http://www.queenalice.com/game.php?id=1816924"]
[Date "2023.7.22"]
[Round "2"]
[White "suenteus_po_147"]
[Black "Mistakesrme"]
[Result "1/2-1/2"]
[WhiteElo "2133"]
[BlackElo "2225"]

1. e4 e6 2. d4 d5 3. e5 c5 4. c3 Qb6 5. Nf3 Nc6 6. Bd3 cxd4 7. O-O Bd7 8. Re1
dxc3 9. Nxc3 a6 10. Ng5 Be7 11. Qh5 g6 12. Qf3 Bxg5 13. Bxg5 Qxb2 14. Rac1 h6
15. Bf6 Nxf6 16. Qxf6 Rg8 17. Rc2 Qa3 18. Rb1 b5 19. Bxb5 Qe7 20. Nxd5 exd5 21.
Bxc6 Qxf6 22. Bxd7+ Kxd7 23. exf6 Rgc8 1/2-1/2

[Event "AUTO-MASTER-3209"]
[Site "http://www.queenalice.com/game.php?id=1834099"]
[Date "2024.3.25"]
[Round "1"]
[White "Bordon"]
[Black "Mistakesrme"]
[Result "1-0"]
[WhiteElo "2068"]
[BlackElo "2157"]

1. e4 e6 2. d4 d5 3. exd5 exd5 4. Nf3 Bd6 5. Nc3 c6 6. Be2 Ne7 7. Bd2 Qc7 8. h3
Nd7 9. a3 O-O 10. O-O Ng6 11. Bd3 Nf4 12. Bxf4 Bxf4 13. Ne2 Bh6 14. Ng3 Nf6 15.
Bf5 g6 16. Bxc8 Raxc8 17. Re1 Rfe8 18. Ne5 Bg7 19. Nf3 Ne4 20. Nxe4 dxe4 21. Nd2
f5 22. Nf1 Rcd8 23. c3 f4 24. Qg4 Rd5 25. Rad1 Bh6 26. h4 Qf7 27. Nd2 Qf5 28.
Qxf5 Rxf5 29. Rxe4 Rxe4 30. Nxe4 Bf8 31. Ng5 Be7 32. Nf3 h6 33. Re1 Kf7 34. Ne5+
Kf6 35. Nd7+ Kf7 36. Ne5+ Kf6 37. Ng4+ 1-0

[Event "AUTO-MASTER-3209"]
[Site "http://www.queenalice.com/game.php?id=1834100"]
[Date "2024.3.25"]
[Round "1"]
[White "Mistakesrme"]
[Black "Bordon"]
[Result "0-1"]
[WhiteElo "2185"]
[BlackElo "2046"]

1. c4 c6 2. g3 g6 3. Bg2 Bg7 4. Nf3 Nf6 5. Nc3 O-O 6. d4 d5 7. cxd5 Nxd5 8. O-O
Bf5 9. Re1 Nd7 10. e4 Nxc3 11. bxc3 Bg4 12. h3 Bxf3 13. Qxf3 e5 14. Bb2 Re8 15.
Rab1 b5 16. Qd3 Nc5 17. Qe3 Nd7 18. f4 exf4 19. gxf4 Nb6 20. e5 Nc4 21. Qe2 Rc8
22. a4 Bh6 23. Bc1 Nd6 24. Qa2 a6 25. axb5 axb5 26. Qa6 Qd7 27. Qb6 Nc4 28. Qc5
Bf8 0-1

[Event "AUTO-MASTER-3209"]
[Site "http://www.queenalice.com/game.php?id=1834113"]
[Date "2024.3.25"]
[Round "1"]
[White "Mistakesrme"]
[Black "bahouais"]
[Result "0-1"]
[WhiteElo "2198"]
[BlackElo "2163"]

1. c4 e5 2. g3 Nf6 3. Bg2 d5 4. cxd5 Nxd5 5. Nf3 Nc6 6. Nc3 Nb6 7. O-O Be7 8. a3
a5 9. d3 O-O 10. Be3 Be6 11. Na4 Nd5 12. Bc5 b6 13. Bxe7 Ndxe7 14. Rc1 Qd7 15.
Qc2 Rac8 16. Ng5 Bd5 17. d4 g6 18. e4 Nxd4 19. Qd1 Bb3 20. Nxb6 cxb6 21. Qe1
Rxc1 0-1

[Event "AUTO-MASTER-3209"]
[Site "http://www.queenalice.com/game.php?id=1834114"]
[Date "2024.3.25"]
[Round "1"]
[White "bahouais"]
[Black "Mistakesrme"]
[Result "1-0"]
[WhiteElo "2176"]
[BlackElo "2169"]

1. e4 e6 2. d4 d5 3. Nc3 Bb4 4. Ne2 Nc6 5. a3 Ba5 6. b4 Bb6 7. Be3 Nge7 8. e5
Nf5 9. Ng3 Ncxd4 10. Nxf5 Nxf5 11. Bxb6 axb6 12. Bd3 c6 13. Bxf5 exf5 14. O-O
Be6 15. Qd4 O-O 16. Ne2 Qe7 17. Nf4 Qc7 18. Qe3 c5 19. c3 Rad8 20. Rfd1 Rfe8 21.
a4 Bc8 22. Nxd5 Qd7 23. Nf6+ 1-0

[Event "AUTO-MASTER-3209"]
[Site "http://www.queenalice.com/game.php?id=1834115"]
[Date "2024.3.25"]
[Round "1"]
[White "Mistakesrme"]
[Black "Pumpernickel"]
[Result "1/2-1/2"]
[WhiteElo "2142"]
[BlackElo "2067"]

1. c4 c5 2. g3 g6 3. Bg2 Bg7 4. Nc3 Nc6 5. Nf3 Nf6 6. d4 cxd4 7. Nxd4 O-O 8. O-O
a6 9. e4 e5 10. Nc2 d6 11. h3 Be6 12. Nd5 Bxd5 13. cxd5 Ne7 14. Bg5 Nd7 15. Rc1
f6 16. Be3 f5 17. f3 f4 18. Bf2 fxg3 19. Bxg3 Bh6 20. Rb1 Rc8 21. Bf2 b5 22. Be3
Bxe3+ 23. Nxe3 Qb6 24. Re1 Kg7 25. Kh2 Nf6 26. Qd2 Nh5 27. Rbc1 Nf4 28. Ng4 Ng8
29. Kg3 Nf6 30. Nxf6 Kxf6 31. Re3 Rxc1 32. Qxc1 b4 33. Bf1 1/2-1/2

[Event "AUTO-MASTER-3209"]
[Site "http://www.queenalice.com/game.php?id=1834116"]
[Date "2024.3.25"]
[Round "1"]
[White "Pumpernickel"]
[Black "Mistakesrme"]
[Result "0-1"]
[WhiteElo "2067"]
[BlackElo "2190"]

1. e4 e6 2. d4 d5 3. e5 c5 4. c3 Qb6 5. Nf3 Nc6 6. Be2 cxd4 7. cxd4 Nh6 8. Bxh6
gxh6 9. b3 Bb4+ 10. Kf1 f6 11. exf6 O-O 12. a3 Bd6 13. Nc3 a6 14. b4 Rxf6 15.
Qd2 Bd7 16. Rb1 Be8 17. b5 axb5 18. Nxb5 Bf4 19. Qa2 Bg6 20. Rd1 Raf8 21. Qb3
Bb8 22. a4 Qd8 23. g3 Be4 0-1